| 000 | nam a22 7a 4500 | ||
|---|---|---|---|
| 999 |
_c16760 _d16760 |
||
| 008 | 161116b xxu||||| |||| 00| 0 eng d | ||
| 020 | _a 9781565335431 | ||
| 020 | _a1565335430 | ||
| 050 | _aRT55 .N87 2013 | ||
| 100 | _a Sommer, Sheryl | ||
| 245 |
_aNursing leadership and management review module/ _cSheryl Sommer; Assessment Technologies Institute. |
||
| 250 | _a6th ed. | ||
| 260 |
_bAssessment Technologies Institute, _c©2013. |
||
| 300 |
_avii, 108, 7 p. : _c 22 cm. |
||
| 500 | _aIncludes appendix. | ||
| 650 | _aLeadership. | ||
| 650 |
_aNursing services _xAdministration _yExaminations, questions, etc. |
||
| 650 |
_aNational Council Licensure Examination for Registered Nurses _xStudy guides. |
||
| 700 | _aAssessment Technologies Institute | ||
| 942 |
_2lcc _cBOOKS _hRT55 .N87 2013 |
||